Every Song by Naked Eyes - Statistics

General Stats
  • This quiz has been taken 6 times
  • The average score is 10 of 36
Answer Stats
Album Song % Correct
Burning Bridges(1983) Burning Bridges
75%
Fuel for the Fire(1984) Sacrifice
75%
Fuel for the Fire(1984) (What) In the Name of Love
75%
Burning Bridges(1983) A Very Hard Act to Follow
50%
Burning Bridges(1983) Could Be
50%
Fuel for the Fire(1984) Flag of Convenience
50%
Burning Bridges(1983) Fortune & Fame
50%
Burning Bridges(1983) Low Life
50%
Fuel for the Fire(1984) No Flowers Please
50%
Fuel for the Fire(1984) Once Is Enough
50%
Burning Bridges(1983) Promises, Promises
50%
Burning Bridges(B-Sides)(1983) Sweet Poison
50%
Burning Bridges(1983) When the Lights Go Out
50%
Fuel for the Fire(1984) Answering Service
25%
Burning Bridges(1983) Emotion in Motion
25%
Fuel for the Fire(1984) Eyes of a Child
25%
Fuel for the Fire(1984) Flying Solo
25%
Burning Bridges(1983) I Could Show You How
25%
Disguise the Limit(2021) Kiss Me Hello
25%
Fuel for the Fire(1984) Me I See in You
25%
Fuel for the Fire(1984) New Hearts
25%
Disguise the Limit(2021) No Love in the World
25%
Disguise the Limit(2021) Richmond 4AM
25%
Burning Bridges(1983) The Time Is Now
25%
Burning Bridges(1983) Voices in My Head
25%
Disguise the Limit(2021) Coming Up for Air
0%
Everything and More(2011) Communication Without Sound
0%
Disguise the Limit(2021) Dream Together
0%
Disguise the Limit(2021) Forests of Nottingham
0%
Disguise the Limit(2021) Future in a Photograph
0%
Everything and More(2011) Making Waves
0%
Disguise the Limit(2021) Piccadilly
0%
Burning Bridges(B-Sides)(1983) Pit Stop
0%
Disguise the Limit(2021) Ready
0%
Everything and More(2011) Remote Control
0%
Disguise the Limit(2021) Shut Up and Dance
0%
No matching quizzes found
Score Distribution
Percent of People with Each Score
Percentile by Number Answered
Your Score History
You have not taken this quiz